| 000 -NÁVESTIE |
| fixed length control field |
00320nam a2200133 a 4500 |
| 008 - ÚDAJE S PEVNOU DĹŽKOU – VŠEOBECNÉ INFORMÁCIE |
| fixed length control field |
141008s2007|||| d |
| 020 ## - MEDZINÁRODNÉ ŠTANDARDNÉ ČÍSLO KNIHY (ISBN) |
| Údaje o dostupnosti |
3,99 |
| 041 ## - KÓD JAZYKA |
| Kód jazyka textu/zvukovej stopy alebo samostatných nápisov |
slo |
| 044 ## - KÓD KRAJINY VYDAVATEĽA/PRODUCENTA |
| Kód krajiny MARC |
xo |
| Kód krajiny ISO |
SK |
| 100 1# - OSOBNÉ MENÁ – VŠEOBECNÉ INFORMÁCIE |
| Osobné meno |
Konigová, Marie |
| 245 10 - NÁZOV |
| Názov |
Tvorivosť |
| Zvyšok názvu |
Techniky a cvičenia |
| 260 ## - VYDAVATEĽSKÉ ÚDAJE, DISTRIBÚCIA ATĎ. |
| Názov vydavateľa, distibútora atď. |
Grada |
| Miesto publikovania, distribúcie atď. |
Havlíčkov Brod |
| Dátum publikovania, distribúcie atď. |
2007 |
| 958 ## - Formálny deskriptor |
| Formálny deskriptor |
APR |